Guía para realizar investigaciones sociales /

Contiene: 1) Alcances y limitaciones de la investigación social en el contexto socioeconómico y político actual; 2) El proceso de la investigación científica; 3) Criterios para seleccionar los temas de investigación; 4) Planteamiento del problema; 5) Estructuración del marco teórico y conceptual de...

Mô tả đầy đủ

Đã lưu trong:
Chi tiết về thư mục
Tác giả chính: Rojas Soriano, Raúl (autor)
Tác giả khác: Holguín Quiñones, Fernando (pról.) (pról.)
Định dạng: Sách
Ngôn ngữ:Tiếng Tây Ban Nha
Được phát hành: México : UNAM, Facultad de Ciencias Políticas y Sociales, 1977, c1977
Những chủ đề:
Các nhãn: Thêm thẻ
Không có thẻ, Là người đầu tiên thẻ bản ghi này!

MARC

LEADER 00000nam^a2200000^a^4500
001 000297125
005 20250521000000.0
009 20260310112330.624
037 |a Acervo ITESO - Biblioteca 
041 |a ESP 
082 |a 300. 1  |b ROJ 
100 |a Rojas Soriano, Raúl  |e (autor) 
245 1 0 |a Guía para realizar investigaciones sociales /  |c R. Rojas Soriano ; pról. de F. Holguín Quiñónez 
264 4 |a México :  |b UNAM, Facultad de Ciencias Políticas y Sociales,  |c 1977, c1977 
300 |a 222 p. 
336 |a texto  |b txt  |2 rdacontenido 
337 |a sin mediación  |b n  |2 rdamedio 
338 |a volumen  |b nc  |2 rdasoporte 
520 |a Contiene: 1) Alcances y limitaciones de la investigación social en el contexto socioeconómico y político actual; 2) El proceso de la investigación científica; 3) Criterios para seleccionar los temas de investigación; 4) Planteamiento del problema; 5) Estructuración del marco teórico y conceptual de referencia; 6) Función de la hipótesis en la teoría y en la investigación social; 7) Técnicas e instrumentos para recopilar la información; 8) Diseño de la muestra; 9) Estrategia del trabajo de campo; 10) Procesamiento de la información; 11) Técnicas estadísticas en la investigación social; 12) Análisis e interpretación de los datos; 13) Presentación de los resultados; Apéndices. 
649 |a XX 
650 |a Sociología -  |x Investigación -  |x Tema Principal 
650 |a Sociología -  |x Metodología 
650 |a Ciencias Sociales -  |x Investigación 
650 |a Ciencias Sociales -  |x Metodología 
700 |a Holguín Quiñones, Fernando  |e (pról.) 
910 |a Fondo Armando Suárez Gómez 
920 |a Impresos - Libros 
930 |a Fondos Especiales 
905 |a 111 
901 |a 0700003506  |b IT2  |c ESP  |u 20250521 
902 |a https://opac.biblio.iteso.mx/vufind/Record/000297125